| 000 | 01342nas a2200289 454500 | ||
|---|---|---|---|
| 001 | 620 | ||
| 005 | 20260407193503.0 | ||
| 008 | 260407s1977####ag###########|||spa#d | ||
| 003 | AR-UNSa-BCEJYS | ||
| 040 |
_aAR-UNSa-BCEJYS _bspa _cAR-UNSa-BCEJYS |
||
| 080 |
_a330 _xEconomía en general |
||
| 245 | 1 | 0 | _aEnsayos Económicos |
| 022 | _a0325-3937 | ||
| 264 | 1 |
_aBuenos Aires : _bBanco Central de la República Argentina _c1977 |
|
| 310 | _aPeriodicidad: Trimestral Se incorpora como Director a partir del Nº 6: Ernesto Gaba Se incorpora como Directores a partir del Nº 14: Tomás J.T. Baliño y José L. Machinea Cambia de Directores a partir del Nº 31 por Daniel Dueñas, Ernesto V. Feldman Cambia de Director a partir del Nº 34 por Hildegart Ahumada, Enrique A. Bour Cambia de Director a partir del Nº 37 por Julio A. Piekarz Cambia de Director a partir del Nº 50 por Jorge Carrera | ||
| 041 | _aspa | ||
| 942 | _cSER | ||
| 590 | _aniveau_biblio:s niveau_hierar:1 | ||
| 100 | 1 | _aBanco Central de la República Argentina | |
| 700 | 1 | _aAlonso, Horacio A. | |
| 700 | 1 | _aMeyer, Arturo | |
| 700 | 1 | _aSalama, Elías | |
| 650 | _a6.25 Economía | ||
| 650 | _aPolítica monetaria | ||
| 650 | _aMacroeconomía | ||
| 856 | 4 | 1 |
_uhttps://biblioeco.unsa.edu.ar/pmb/images/revistas/Ensayos Econ?micos.jpg _yImagen de portada _qimage/jpeg |
| 999 |
_c8370 _d8370 |
||